| 000 | 00651nam a2200241Ia 4500 | ||
|---|---|---|---|
| 003 | OSt | ||
| 005 | 20220918201950.0 | ||
| 006 | a|||||r|||| 00| 0 | ||
| 007 | ta | ||
| 008 | 220917b |||||||| |||| 00| 0 eng d | ||
| 024 | _a97,762 | ||
| 037 | _cTextual | ||
| 040 |
_aARTS _cARTS _beng |
||
| 041 |
_2eng _aeng |
||
| 082 | _aV2:2:D5, K3 | ||
| 100 | _aBhandarkar D R | ||
| 245 | 0 | _aSome aspects of ancient Hindu polity dellivered in February 1925 | |
| 260 |
_aNA _bNA _c1963 |
||
| 490 | _aManindra Chandra Nandy lectures | ||
| 650 | _aHISTORY | ||
| 942 |
_hV2:2:D5, K3 _cTEXL _2CC |
||
| 999 |
_c221356 _d221356 |
||